000 01756cam a2200133 4500500
005 20260405085557.0
041 _afre
042 _adc
100 1 0 _aHumm, Michel
_eauthor
245 0 0 _aLa République romaine et son empire : De 509 à 31 av. J.-C.
260 _bArmand Colin,
_c2024.
520 _aLa République romaine commence son histoire vers 509 av. J.-C. par l’expulsion du «roi» Tarquin le Superbe. S’en suivit la mise en place d’un gouvernement de type oligarchique qui laissa le pouvoir à quelques grandes familles aristocratiques. Cinq siècles plus tard, les déchirements politiques qui divisèrent son aristocratie précipitèrent la fin de la République après l’avoir entraînée dans des conflits sociaux et des guerres civiles interminables. Entre temps, la «république» avait constitué un «empire» qui s’est étendu à l’ensemble du monde méditerranéen ainsi qu’à ses territoires périphériques grâce à des institutions politiques et sociales lui permettant d’associer un peuple de citoyens à son aristocratie.Cette profonde solidarité d’intérêts au sein de la société romaine favorisa une expansion territoriale exceptionnelle tant d’un point de vue historique que géographique. Toutefois, l’expansion impérialiste finit par révéler l’inadéquation entre les structures institutionnelles et l’univers socio-culturel d’une cité-État, et le mode de gestion d’un empire aux dimensions exceptionnelles. L’incapacité à surmonter cette contradiction mit un terme au régime aristocratique qui définissait la nature de la République romaine.
856 4 1 _uhttps://shs.cairn.info/la-republique-romaine-et-son-empire--9782200633110?lang=fr&redirect-ssocas=7080
999 _c2198670
_d2198670